000 00321nam a2200121Ia 4500
008 230524s9999 xx 000 0 und d
100 _aAPJ Abdul Kalam
245 0 _aIgnited Minds : Unleashing the Power within India
260 _bPenguin
500 _aQuantity Number: 3
650 _aMiscellaneous
_91877
942 _cBK
999 _c51164
_d51164